[Event "Reykjavik op"]
[Site "Reykjavik"]
[Date "2024.03.21"]
[Round "9"]
[White "Von Kistowski, Fynn"]
[Black "Smith, Alexander"]
[Result "0-1"]
[WhiteElo "1746"]
[BlackElo "1857"]
[PlyCount "64"]
[EventDate "2024.03.15"]
[EventType "swiss"]
[EventRounds "9"]
[EventCountry "ISL"]
[SourceTitle "CBM 219 Extra"]
[Source "ChessBase"]
[SourceDate "2024.05.31"]
[SourceVersion "1"]
[SourceVersionDate "2024.05.31"]
[SourceQuality "1"]

1. e4 c5 2. c3 Nf6 3. e5 Nd5 4. d4 cxd4 5. Nf3 Nc6 6. cxd4 d6 7. exd6 Qxd6 8. Bc4 Bg4 9. Nc3 e6 10. Bxd5 exd5 11. Be3 Qd7 12. a3 Be7 13. h3 Bh5 14. g4 Bg6 15. Ne5 Nxe5 16. dxe5 Rd8 17. Bd4 b5 18. Qb3 a6 19. Rd1 Qc6 20. 0-0 h5 21. f4 hxg4 22. hxg4 Rh4 23. Rd2 Rxg4+ 24. Rg2 Rxg2+ 25. Kxg2 Be4+ 26. Nxe4 dxe4 27. Qe3 Qg6+ 28. Kf2 Bh4+ 29. Ke2 Qg2+ 30. Rf2 Bxf2 31. Qxf2 Qf3+ 32. Ke1 Qd3 0-1